Представление документа в формате RUSMARC

ПолеНазваниеЗначение
  Тип записи a
  Библиографический уровень m
001 Контрольный номер RU/CBS_UL/BASE/592407960
005 Дата корректировки 20240209174840.7
010 Индекс ISBN __
a ISBN
b Уточнения в пер.
d Цена 1 р. 10 к.
9 Тираж экз.
100 Данные общей обработки __
a Данные общей обработки 20181009d2018 ||| 0rusy0189 ca
101 Язык документа 0_
a Язык текста rus
102 Страна публикации __
a Страна публикации RU
105 Кодированные данные (монография) __
a Кодированные данные (монография) y###||||000|y
181 Поле кодированных данных: вид содержания _1
a Код вида содержания (ISBD) i#
b Код характеристики содержания (ISBD) #xxe##
d i
g x
h x
i e
2 Код системы (источник кода, отличный от ISBD) isbdcontent
182 Поле кодированных данных: тип средства _1
a Код типа средства (ISBD) n
2 Код системы (источник кода, отличный от ISBD) isbdmedia
200 Заглавие и сведения об ответственности 1_
a Заглавие Волчье лыко
b Общее обозначение материала Текст
e Сведения, относящиеся к заглавию повести и рассказы
e Сведения, относящиеся к заглавию пер. с коми
f Первые сведения об ответственности Н. Н. Куратова
w Текст (визуальный) : непосредственный
203 Вид содержания и тип средства __
a Вид содержания Текст
b Характеристика содержания визуальный
c Тип средства непосредственный
210 Выходные данные 1_
a Место издания Москва
c Издательство Современник
d Дата издания 1989
215 Физическое описание __
a Объем 205 с.
d Формат 21 см.
300 Общие примечания __
a Общие примечания Ограничения по возрасту - 16+
300 Общие примечания __
a Общие примечания Содерж.: Волчье лыко ; Повесть об отцах ; Старое фото ; Кузьмич ; Дар пармы ; И чисту воду замутить могут ; Последняя весна ; Окаянная ; Стерпится - слюбится
300 Общие примечания __
a Общие примечания Под инв. номером 32691: Цс-1
606 Тематические рубрики 0_
a Основная рубрика Литература Республики Коми, 20-21 вв. - Проза
610 Ключевые слова 0_
a Ключевые слова литература Коми
a Ключевые слова война Великая Отечественная
a Ключевые слова женские судьбы
a Ключевые слова семейное счастье
a Ключевые слова женский характер
686 Индексы других классификаций __
a Классификационный индекс 84(2Рос=Ком)
2 Код системы ББК
700 Автор _1
a Фамилия Куратова
b Имя (инициалы) Нина Никитична
g Полное личное имя Н. Н.
801 Источник записи _0
a Страна RU
b Организация МБУК ЦБС
c Дата составления 20181009
g Правила каталогизации RCR
801 Источник записи _1
a Страна RU
b Организация МБУК ЦБС г. Ульяновска
c Дата составления 20181009
g Правила каталогизации RCR
899 Данные о местонахождении __
i Авторский знак К 93
j Расстановочный фильтр Р6=Ком
901 Тип документа __
t Тип документа m
910 Корректоры записи __
a Корректор записи Даудова